000
00321nam a22001337a 4500
082
_a
823
_b
SUD/D
100
_a
SUDHAKAR, SUMATHI
245
_a
THE DIVINE FRUIT AND OTHER STORIES
260
_a
CHENNAI
_b
PEARL INDUS
300
_a
42
520
_a
ENGLISH SHORT STORY
650
_a
ENGLISH SHORT STORY
_z
CHENNAI
942
_c
BK
999
_c
5756
_d
5756